The Genealogy From Adam to Jesus - Statistics

General Stats
  • This quiz has been taken 117 times
  • The average score is 10 of 64
Answer Stats
Hint Answer % Correct
First Man Adam
100%
The King of Kings Jesus Christ
91%
Built an Ark Noah
88%
King of Israel (was) David
79%
The Father of the Israelites Abraham
71%
Joseph
71%
Isaac
56%
Jacob
56%
Jacob
56%
Solomon
56%
Seth
50%
Shem
24%
Enoch
21%
Methuselah
21%
Jesse
18%
Judah
18%
Enosh
15%
Josiah
12%
Lamech
12%
Rehoboam
12%
Boaz
9%
Terah
9%
Eber
6%
Jared
6%
Kenan
6%
Mahalalel
6%
Obed
6%
Peleg
6%
Reu
6%
Uzziah
6%
Amminadab
3%
Amon
3%
Arphaxad
3%
Hezekiah
3%
Hezron
3%
Joash
3%
Manasseh
3%
Nahor
3%
Nahshon
3%
Perez
3%
Ram
3%
Salmon
3%
Serug
3%
Shealtiel
3%
Shelah
3%
Zerubbabel
3%
Abijah
0%
Abiud
0%
Achim
0%
Ahaz
0%
Ahaziah
0%
Amaziah
0%
Asa
0%
Azor
0%
Eleazar
0%
Eliakim
0%
Eliud
0%
Jeconiah
0%
Jehoiakim
0%
Jehoshaphat
0%
Joram
0%
Jotham
0%
Matthan
0%
Sadoc
0%
No matching quizzes found
Score Distribution
Percent of People with Each Score
Percentile by Number Answered
Your Score History
You have not taken this quiz